El Consejo Nacional Técnico de la Educación (Record no. 64808)
[ view plain ]
| 000 -CABECERA | |
|---|---|
| campo de control de longitud fija | 00466nam a2200181 a 4500 |
| 005 - FECHA Y HORA DE LA ÚLTIMA TRANSACCIÓN | |
| campo de control | 20210219152947.0 |
| 008 - ELEMENTOS DE LONGITUD FIJA--INFORMACIÓN GENERAL | |
| campo de control de longitud fija | 991125n 000 0 spa u |
| 035 ## - NÚMERO DE CONTROL DEL SISTEMA | |
| Número de control de sistema | UPN01000069090 |
| 222 ## - TÍTULO CLAVE | |
| Título clave | PROBLEMAS EDUCATIVOS DE MEXICO |
| 245 ## - MENCIÓN DE TÍTULO | |
| Título | El Consejo Nacional Técnico de la Educación |
| 300 ## - DESCRIPCIÓN FÍSICA | |
| Extensión | 5-34 |
| 362 ## - FECHAS DE PUBLICACIÓN Y/O DESIGNACIÓN SECUENCIAL | |
| Fecha de publicación y/o designación secuencial | 1958 1, no. 1, (ene.) |
| 653 0# - TERMINO DE INDIZACION - NO CONTROLADO | |
| Término no controlado | CNTE |
| 653 0# - TERMINO DE INDIZACION - NO CONTROLADO | |
| Término no controlado | EDUCACION PUBLICA |
| 653 0# - TERMINO DE INDIZACION - NO CONTROLADO | |
| Término no controlado | MEXICO |
| 904 ## - ELEMENTOS DE DATOS D LOCAL, LDD (RLIN) | |
| a | AC |
| b | 006901 |
| 905 ## - TIPO DE MATERIAL | |
| Tipo de material | Articulo |
No items available.
